• 首页
  • 本馆介绍
  • 公告通知
  • 最新文献
  • 馆藏检索
  • 电子资源
  • 读者导购
  • 参考咨询
  • 我的图书馆
  • 登录
  • 详细信息显示
  • 放入我的书架
  • 预约/预借图书
  • 作者相关作品
  • 分类相关作品
  • 丛书相关作品
  • 出版社相关作品

书目信息

  • 表格格式
  • 工作单格式
  • 卡片格式
题名:
火成岩、变质岩和沉积岩的主要矿物的平均化学成分
    
 
作者: 齐尔文斯基 , Чирвинский 著 ;赵福宁 译
分册:  
出版信息: 北京   地质出版社  1957
页数: 122页
开本: 21cm
丛书名:
单 册:
中图分类: P588
科图分类:
主题词: 化学成分-沉积岩 , 火成岩-化学成分 , 化学成分-火成岩 , 变质岩-化学成分 , 化学成分-变质岩 , 沉积岩-化学成分
电子资源:
ISBN: 13038.159
000 01031nam0 2200313 450
001 0109273029
005 20100713021642.0
010    @a13038.159@dCNY0.65
091    @a13038.159@d¥0.65
100    @a19970620d1957 em y0chiy0110 ea
101 1  @achi@crus
102    @aCN@b110000
105    @ay z 000yy
106    @ar
200 1  @a火成岩、变质岩和沉积岩的主要矿物的平均化学成分@9Huo Cheng Yan 、 Bian Zhi Yan He;Huo;Hu Chen Ji Yan De;Di Zhu Yao Kuang Wu De;Di Ping Jun;Yun Hua Xue Cheng Fen @f(苏)齐尔文斯基(П.Н.Чирвинский)著@g赵福宁译
210    @a北京@c地质出版社@d1957
215    @a122页@d21cm
606 0  @a化学成分-沉积岩
606 0  @a火成岩-化学成分
606 0  @a化学成分-火成岩
606 0  @a变质岩-化学成分
606 0  @a化学成分-变质岩
606 0  @a沉积岩-化学成分
690    @aP588@v3
701  1 @a齐尔文斯基@9qi er wen si ji@bП.Н.@4著
701  1 @aЧирвинский@4著
702  0 @a赵福宁@9zhao fu ning@4译
801  0 @aCN@b91MARC@c20130904
905    @aBZT@dP588@e1@f1@sP588/1
    
    火成岩、变质岩和沉积岩的主要矿物的平均化学成分/(苏)齐尔文斯基(П.Н.Чирвинский)著/赵福宁译.-北京:地质出版社,1957
    122页;21cm
    
    
    ISBN 13038.159:CNY0.65
    
●
相关链接 在五车中查询图书 在当当中查询图书 在豆瓣中查询图书


正题名:火成岩、变质岩和沉积岩的主要矿物的平均化学成分     索取号:P588/1         预约/预借

序号 登录号 条形码 馆藏地/架位号 状态 备注
1 2000082993   2000082993   旧书回溯/ [索取号:P588/1] 在馆    
山东省滨州职业学院图书馆 欢迎您!
大连网信软件有限公司© 版权所有